000 00496cam a2200193ua 4500
001 1809
008 110811n ii |||gr||||Z||||||eng
020 _a81-7024-222-3
040 _cMAIN
082 _a370.1
100 _aSeetharamu, A. S.,
_eAuthor.
245 1 _aPhilosophy of education
_cby A. S. Seetharamu
250 _a1st.
260 _aNew Deelhi:
_bAshish publishing House,989.
300 _axv; 243p:
_c23cm.
653 _aEducation
653 _aPhilosophy of education
942 _cBK
999 _c1693
_d1693